000 01006nam a22002417a 4500
005 20211111093050.0
008 211111b ||||| |||| 00| 0 eng d
020 _a0688042872
040 _cAL
041 _aeng
082 _223
_a567.91
_bBAKD
100 _aRobert T Bakker
_910188
245 _aDinosaur Heresies: New Theories unlocking the Mystery of the Dinosaurs and Their Extinction
260 _aNew York
_bWilliam Morrrow & Co
_c1986
300 _a481 p.
_bHB
_c24x18 cm.
365 _b19.95
_c$
_d19.95
520 _aThe inside story of a scientific heresy that is scandalizing traditional paleontology, told by the unorthodox leader of the dinosaurian heretics and featuring over 200 original black-and-white drawings that show how dinosaurs lived.
_uhttps://doc.rero.ch/record/232376/files/PAL_E1363.pdf
650 _aFossil Cold Blooded Vertebrates
_910189
650 _aBrontosaurus
_910190
650 _aAnimal History
_910191
700 _aBAKKER (Robert T)
_910192
942 _2ddc
_cGF
999 _c220507
_d220507